000 00215nam a22000977a 4500
999 _c261569
_d261568
020 _a043977361
100 _aSteve Metzger
245 _aWe're Going on a Leaf Hunt
260 _aU.S.A
_bScholastic
_c2005
942 _cBK